A mikro- és kisvállalkozások megszűnésének okai

Bibliographic Details
Main Author: Kajzler-Sznopka Szilvia
Other Authors: Győri Dr. Zsuzsanna
Format: Thesis
Kulcsszavak:kis- és középvállalkozás - KKV
vállalkozás megszűnése
nehézségek
Online Access:http://dolgozattar.uni-bge.hu/20602

MARC

LEADER 00000nta a2200000 i 4500
001 dolg20602
005 20190508101507.0
008 190508suuuu hu om 000 hun d
040 |a BGE Dolgozattár Repozitórium  |b hun 
041 |a hu 
100 1 |a Kajzler-Sznopka Szilvia 
245 1 2 |a A mikro- és kisvállalkozások megszűnésének okai  |c Kajzler-Sznopka Szilvia  |h [elektronikus dokumentum] 
246 1 1 |a A mikro- és kisvállalkozások megszűnésének okai 
695 |a kis- és középvállalkozás - KKV 
695 |a vállalkozás megszűnése 
695 |a nehézségek 
700 1 |a Győri Dr. Zsuzsanna  |e ths 
856 4 0 |u http://dolgozattar.uni-bge.hu/20602/1/Szakdolgozat_Kajzler-Sznopka%20Szilvia.pdf  |z Dokumentum-elérés